[Event "6th EICC"]
[Site "Warsaw POL"]
[Date "2005.06.27"]
[Round "9"]
[White "Filippov,Va"]
[Black "Sulskis,S"]
[Result "1/2-1/2"]
[WhiteElo "2621"]
[BlackElo "2545"]
[EventDate "2005.06.18"]

1. Nf3 Nf6 2. g3 d5 3. Bg2 Bg4 4. c4 c6 5. Qb3 Qb6 6. Qc2 e6 7. O-O Be7 8.
d3 Nbd7 9. cxd5 cxd5 10. Be3 Bc5 11. Bxc5 Qxc5 12. Qxc5 Nxc5 13. Rc1 Bxf3
14. Bxf3 Ncd7 15. Rc7 Rb8 16. e4 Ke7 17. Na3 Rhc8 18. Rxc8 Rxc8 19. exd5
Nxd5 20. Bxd5 exd5 21. Re1+ Kf6 22. d4 a6 23. Kg2 h5 24. h4 g6 25. Kf3 Nb8
26. Kf4 Nc6 27. Nc2 Kg7 28. Re2 f6 29. f3 Kf7 30. g4 Nd8 31. Ne3 Ne6+ 32.
Kg3 hxg4 33. fxg4 Re8 34. Rd2 Rd8 35. a4 Rd7 36. a5 Nd8 37. g5 fxg5 38.
hxg5 Nc6 39. Ng4 Re7 40. Rf2+ Kg7 41. Nf6 Nxd4 42. Rh2 Kf7 43. Nxd5 Re5 44.
Rh7+ Ke6 45. Nc3 Rxg5+ 46. Kf4 Rxa5 47. Rxb7 g5+ 48. Ke4 Nb5 49. Rb6+ Nd6+
50. Kf3 Kd7 51. Kg4 Nc4 52. Rb3 Ne3+ 53. Kf3 Nf5 54. Kg4 Nd6 55. Ra3 Rxa3
56. bxa3 Nf7 57. Kf5 Kc6 58. Kf6 g4 59. Kxf7 g3 60. Ke6 g2 61. Ne2 Kc5 62.
Ke5 Kc4 63. Ke4 Kb3 64. Kd3 a5 65. Ng1 Kxa3 66. Kc3 Ka4 1/2-1/2

[Event "6th EICC"]
[Site "Warsaw POL"]
[Date "2005.06.27"]
[Round "9"]
[White "Inarkiev,E"]
[Black "Iljushin,A"]
[Result "0-1"]
[WhiteElo "2612"]
[BlackElo "2543"]
[EventDate "2005.06.18"]

1. d4 e6 2. c4 f5 3. g3 Nf6 4. Bg2 c6 5. Qc2 d5 6. Nh3 Bd6 7. O-O O-O 8.
Nd2 Qe7 9. b3 Bd7 10. Bb2 Be8 11. Rae1 Nbd7 12. Qc1 Rd8 13. f3 e5 14. cxd5
Nxd5 15. e4 fxe4 16. Nxe4 Bb4 17. Re2 exd4 18. Bxd4 Ba3 19. Qa1 Bc5 20.
Nxc5 Qxe2 21. Re1 Qd2 22. Ne6 Bg6 23. Bxa7 N7f6 24. Nxd8 Rxd8 25. Rd1 Rf8
26. Rf1 Qe2 27. Bb6 Nxb6 28. Qc3 Rc8 29. Nf4 Qxa2 30. Ra1 Qc2 31. Qe3 Nbd7
32. Rc1 Re8 33. Rxc2 Rxe3 34. Rxc6 Rxb3 35. Nxg6 hxg6 36. Re6 g5 37. Re2
Kf7 38. Kf2 Nc5 39. Bf1 Nfd7 40. Kg2 Kf6 41. Rd2 Ne5 42. Be2 Ncd3 43. Rd1
Rb2 44. Kf1 Nc5 45. Rd6+ Ne6 46. Kf2 Ke7 47. Rd5 Ng6 48. Rd3 Kf6 49. Ke1
Ke5 50. Rd2 Rxd2 51. Kxd2 Kd4 52. Bd1 Ne5 53. Ke2 Nc7 54. f4 gxf4 55. gxf4
Ng4 56. Kf3 Nf6 57. Bc2 Ncd5 58. Bg6 Kc5 59. Bf7 Kd6 60. Bg6 Ke7 61. Kg3
Ng8 62. Kf3 Kf6 63. Bd3 Nge7 64. Be4 Nc3 65. Bd3 Ng6 66. Bc4 Na4 67. Kg4
Nc5 68. h3 Ne7 69. Ba2 Ne6 70. Bb3 Nd4 71. Bc4 Nef5 72. Bd3 Ne3+ 73. Kg3
Ne6 74. Be4 Nd1 75. Bf3 Nc3 76. Kg4 Nd4 77. Bxb7 Na4 78. Bd5 Nc5 79. Ba2
Nf5 80. Bb1 Nh6+ 81. Kf3 Ne6 82. Bd3 Nf5 83. Be4 Nc5 84. Bb1 Nh4+ 85. Kg3
Ng6 86. Kg4 Ne7 87. Ba2 Kg6 88. Bb1+ Kh6 89. Ba2 Ne4 90. Bf7 Nf6+ 91. Kf3
Ng6 92. Bb3 Nh5 93. f5 Ne5+ 94. Ke4 Nd7 95. Bd1 Kg5 96. Kd4 Nhf6 97. Bc2
Kh4 98. Ke3 Kxh3 99. Kf4 Kh4 100. Ba4 Nh5+ 101. Ke3 Ndf6 102. Kd4 Kg5 103.
Ke5 Ng4+ 104. Ke6 Nh6 105. Bc2 Ng3 106. f6 gxf6 107. Bd3 Nhf5 108. Bb1 Ne2
109. Kf7 Nc3 110. Bd3 Nd6+ 111. Ke6 Nde4 112. Bf1 f5 113. Ke5 f4 114. Bg2
Kg4 115. Kd4 Kg3 116. Bh1 Nf2 117. Bb7 Nfe4 118. Ba6 f3 119. Ke3 f2 120.
Bf1 Kh2 121. Kd4 Ng3 122. Ke3 Nd1+ 0-1

[Event "6th EICC"]
[Site "Warsaw POL"]
[Date "2005.06.27"]
[Round "9"]
[White "Pelletier,Y"]
[Black "Jaracz,P"]
[Result "1/2-1/2"]
[WhiteElo "2610"]
[BlackElo "2530"]
[EventDate "2005.06.18"]

1. e4 c5 2. Nf3 d6 3. d4 cxd4 4. Nxd4 Nf6 5. Nc3 a6 6. Be3 e6 7. g4 e5 8.
Nf5 h5 9. g5 Nxe4 10. Nxg7+ Bxg7 11. Nxe4 d5 12. Ng3 Bg4 13. Be2 d4 14. Bd2
Bxe2 15. Qxe2 Qd5 16. O-O h4 17. Nh5 Kf8 18. f4 Nc6 19. Nxg7 Kxg7 20. fxe5
Rae8 21. Rae1 Rxe5 22. Qf2 h3 23. c4 Qe6 24. Qf4 Re8 25. Rxe5 Nxe5 26. b3
Qg4+ 27. Qxg4 Nxg4 28. Rf4 Re2 29. Rxg4 Rxd2 30. Rg3 Kg6 31. Rxh3 Kxg5 32.
Rf3 Rxa2 1/2-1/2

[Event "6th EICC"]
[Site "Warsaw POL"]
[Date "2005.06.27"]
[Round "9"]
[White "Ftacnik,L"]
[Black "Dautov,R"]
[Result "1-0"]
[WhiteElo "2540"]
[BlackElo "2609"]
[EventDate "2005.06.18"]

1. d4 Nf6 2. c4 c6 3. Nc3 d5 4. Nf3 a6 5. c5 Nbd7 6. Bf4 Nh5 7. e3 Nxf4 8.
exf4 b6 9. b4 g6 10. Bd3 Bg7 11. Qd2 a5 12. b5 Bb7 13. bxc6 Bxc6 14. cxb6
O-O 15. O-O Nxb6 16. Ne5 Rc8 17. Ba6 Rc7 18. Rab1 Nc4 19. Bxc4 dxc4 20. d5
Ba8 21. Rfe1 Qc8 22. Qe3 Qd8 23. Rb5 Rc8 24. h4 Qc7 25. h5 gxh5 26. Qh3 Rb8
27. Rxb8 Qxb8 28. Re3 Qd6 29. Qxh5 f6 30. Nc6 Bxc6 31. dxc6 e5 32. Rh3 h6
33. Qg6 exf4 34. Qe4 Kh8 35. Qxc4 Rc8 36. Rd3 Rxc6 37. Qe4 Qc7 38. Qe8+ Kh7
39. Rd7 Rxc3 40. Rxc7 Rxc7 41. Qe4+ Kh8 42. Qa8+ Kh7 43. Qxa5 Rc1+ 44. Kh2
Kg6 45. a4 f5 46. Qb6+ Kg5 47. a5 Be5 48. a6 Ra1 49. a7 f3+ 50. g3 Ra2 51.
Qd8+ 1-0

[Event "6th EICC"]
[Site "Warsaw POL"]
[Date "2005.06.27"]
[Round "9"]
[White "Zelcic,R"]
[Black "Stocek,J"]
[Result "1/2-1/2"]
[WhiteElo "2514"]
[BlackElo "2585"]
[EventDate "2005.06.18"]

1. e4 c5 2. Nf3 d6 3. d4 cxd4 4. Nxd4 Nf6 5. Nc3 g6 6. Be2 Bg7 7. O-O O-O
8. Bg5 a6 9. a4 Nc6 10. Nb3 Be6 11. Kh1 Rc8 12. f4 Na5 13. Nd2 Nc4 14. f5
Nxd2 15. Qxd2 Bc4 16. Bxc4 Rxc4 17. Qd3 Rc5 18. Be3 Rc8 19. Bd4 Qc7 20. a5
Qc4 21. Ra4 Qxd3 22. cxd3 e6 23. Rb4 Rc7 24. e5 dxe5 25. Bxe5 Rd7 26. fxe6
fxe6 27. Rbf4 Nd5 28. Rxf8+ Bxf8 29. Ne4 Bg7 30. Nc5 Re7 31. Bd6 Re8 32. b3
Nb4 33. Rf3 Rd8 34. Nxb7 Rd7 35. Bxb4 Rxb7 36. Rf4 Rd7 37. Rf3 Rb7 38. Rf4
Rd7 39. Rf3 Rb7 1/2-1/2

[Event "6th EICC"]
[Site "Warsaw POL"]
[Date "2005.06.27"]
[Round "9"]
[White "Mista,A"]
[Black "Huzman,A"]
[Result "1/2-1/2"]
[WhiteElo "2497"]
[BlackElo "2577"]
[EventDate "2005.06.18"]

1. e4 c5 2. Nf3 d6 3. d4 cxd4 4. Nxd4 Nf6 5. Nc3 a6 6. Be2 e5 7. Nb3 Be7 8.
O-O O-O 9. Kh1 b6 10. Be3 Bb7 11. f3 b5 12. a4 b4 13. Nd5 Nxd5 14. exd5 Nd7
15. c3 bxc3 16. bxc3 Bg5 17. Bg1 Qc7 18. c4 Rab8 19. Rb1 Ba8 20. Qe1 Rfc8
21. Bd3 Qd8 22. Qa5 Qxa5 23. Nxa5 g6 24. Ba7 Rxb1 25. Rxb1 Bd2 26. Nb3 Bb4
27. Nc1 a5 28. Bf1 Kf8 29. Na2 Bc5 30. Bxc5 Rxc5 31. Nc3 Ke7 32. g4 Rc7 33.
Rb5 Rc5 34. Rb1 Rc7 35. Rb5 Rc5 1/2-1/2

[Event "6th EICC"]
[Site "Warsaw POL"]
[Date "2005.06.27"]
[Round "9"]
[White "Azarov,S"]
[Black "Stevic,H"]
[Result "1-0"]
[WhiteElo "2572"]
[BlackElo "2514"]
[EventDate "2005.06.18"]

1. e4 e5 2. Nf3 Nc6 3. Bb5 g6 4. O-O Bg7 5. c3 Nge7 6. d4 exd4 7. cxd4 d5
8. exd5 Nxd5 9. Re1+ Be6 10. Bg5 Qd6 11. Nbd2 O-O 12. Ne4 Qb4 13. Bxc6 bxc6
14. Qc1 Rfe8 15. Bd2 Qb6 16. Nc5 Bf5 17. Ne5 Rad8 18. Nc4 Rxe1+ 19. Bxe1
Qb8 20. Ne5 Re8 21. Nxc6 Qb5 22. Ne5 Bxe5 23. dxe5 Rxe5 24. Nb3 Re2 25. Nd4
Qxb2 26. Nxe2 Qxe2 27. Qc5 Be4 28. Bb4 Nxb4 29. Qxb4 Bd5 30. Re1 Qxa2 31.
Re8+ Kg7 32. Qf8+ Kf6 33. Qh8+ Kg5 34. Re5+ 1-0

[Event "6th EICC"]
[Site "Warsaw POL"]
[Date "2005.06.27"]
[Round "9"]
[White "Nalbandian,T"]
[Black "Navara,D"]
[Result "1/2-1/2"]
[WhiteElo "2508"]
[BlackElo "2647"]
[EventDate "2005.06.18"]

1. Nf3 Nf6 2. c4 b6 3. g3 Bb7 4. d4 e6 5. Bg2 Be7 6. Nc3 Ne4 7. Qc2 f5 8.
Ne5 d5 9. cxd5 Nxc3 10. bxc3 Bxd5 11. Qa4+ c6 12. f3 Nd7 13. Nxc6 Nc5 14.
dxc5 Qd7 15. cxb6 Bxc6 16. Qd4 Bf6 17. Qxd7+ Kxd7 18. Kf2 axb6 19. Be3 Bd5
20. Rhd1 Rhc8 21. f4 Rxc3 22. Bxd5 exd5 23. Rxd5+ Ke6 24. Rb5 Rc2 25. Rc1
Rxc1 26. Bxc1 Bd4+ 27. Be3 Bxe3+ 28. Kxe3 Rxa2 29. Rxb6+ Kf7 30. Rb3 Kf6
31. Kf3 h5 32. Re3 Ra4 33. Re5 Rb4 34. h3 g6 35. Ra5 Rb1 36. Re5 Rf1+ 37.
Kg2 Re1 38. Kf2 Rh1 39. Re8 Kf7 40. Re3 Kf6 41. Re5 Kf7 42. e4 fxe4 43.
Rxe4 Rh2+ 44. Kg1 Ra2 45. Kf1 Kf6 46. Re2 Ra3 47. Kg2 h4 48. gxh4 Kf5 49.
Rf2 Ke4 50. h5 gxh5 51. f5 h4 52. f6 Rg3+ 53. Kh2 Rg8 1/2-1/2

[Event "6th EICC"]
[Site "Warsaw POL"]
[Date "2005.06.27"]
[Round "9"]
[White "Georgiev,Ki"]
[Black "Mchedlishvili,M"]
[Result "1-0"]
[WhiteElo "2666"]
[BlackElo "2518"]
[EventDate "2005.06.18"]

1. Nf3 d5 2. d4 Nf6 3. Bf4 c6 4. e3 Bg4 5. c4 Nbd7 6. Qb3 Qb6 7. Nc3 dxc4
8. Bxc4 e6 9. Qc2 Be7 10. Ne5 Nxe5 11. Bxe5 O-O 12. O-O Bh5 13. a3 a5 14.
Rac1 Bg6 15. Qe2 Nd7 16. Bg3 a4 17. e4 Rfe8 18. Rfd1 Qa5 19. Ba2 Rac8 20.
f3 b5 21. Be1 b4 22. Nb1 c5 23. dxc5 Bxc5+ 24. Kh1 Ne5 25. f4 Nc6 26. f5
exf5 27. Rd5 Rxe4 28. Qf1 Qa8 29. Rdxc5 b3 30. Nd2 bxa2 31. Nxe4 fxe4 32.
Qc4 e3 33. Qxa2 Be4 34. Qc4 1-0

[Event "6th EICC"]
[Site "Warsaw POL"]
[Date "2005.06.27"]
[Round "9"]
[White "Smeets,J"]
[Black "Kempinski,R"]
[Result "0-1"]
[WhiteElo "2518"]
[BlackElo "2627"]
[EventDate "2005.06.18"]

1. e4 c5 2. Nf3 d6 3. d4 cxd4 4. Nxd4 Nf6 5. Nc3 a6 6. Be3 e5 7. Nb3 Be6 8.
f3 Be7 9. Qd2 O-O 10. O-O-O Nbd7 11. g4 Qc7 12. Kb1 b5 13. g5 Nh5 14. Nd5
Bxd5 15. exd5 Nb6 16. Rg1 g6 17. h4 Rab8 18. f4 Nc4 19. Bxc4 bxc4 20. Qc3
Bd8 21. Nd2 exf4 22. Bf2 Rc8 23. Ne4 f5 24. gxf6 Bxf6 25. Qf3 Bg7 26. c3
Rb8 27. Ng5 Rfe8 28. Rd2 Qb7 29. Ne4 Rxe4 30. Qxe4 Bxc3 31. Qe6+ Kh8 32.
Re1 Ng7 33. Qe2 f3 34. Qe3 Bxb2 35. Kc2 Be5 36. Qxf3 c3 37. Rde2 Qb2+ 38.
Kd3 Qb5+ 39. Kc2 Nf5 40. Qe4 Qa5 41. Qc4 Rb4 42. Qc6 Qa3 43. Bc5 Qxa2+ 44.
Kd3 Qc4+ 0-1

[Event "6th EICC"]
[Site "Warsaw POL"]
[Date "2005.06.27"]
[Round "9"]
[White "L'Ami,E"]
[Black "Macieja,B"]
[Result "0-1"]
[WhiteElo "2515"]
[BlackElo "2613"]
[EventDate "2005.06.18"]

1. d4 Nf6 2. c4 e6 3. Nc3 Bb4 4. Qc2 c5 5. dxc5 O-O 6. a3 Bxc5 7. Nf3 b6 8.
Bg5 Bb7 9. e4 h6 10. Bh4 Be7 11. Rd1 Nh5 12. Bg3 f5 13. exf5 exf5 14. Bd3
f4 15. Be4 Nc6 16. Bd5+ Kh8 17. Qg6 Qe8 18. Be4 Qxg6 19. Bxg6 fxg3 20. Bxh5
gxf2+ 21. Kxf2 Ne5 22. Kg3 Nxc4 23. Rhe1 Bd6+ 24. Kh3 Rf6 25. Ne4 Bxe4 26.
Rxe4 Nxb2 27. Rd2 Bxa3 28. Rxd7 Rd6 29. Rf7 Nd3 30. Nh4 Bc5 31. Kg3 Rd5 32.
Nf5 Rf8 33. Rxf8+ Bxf8 34. Bg6 Ne5 35. Ne3 Rc5 36. Be8 g6 37. Ng4 Bd6 38.
Rd4 Bc7 39. Kf2 Rc2+ 40. Kf1 Rc1+ 41. Ke2 Rc2+ 42. Kf1 Nxg4 43. Rxg4 g5 44.
h4 gxh4 45. Rxh4 Kg7 46. Rg4+ Kf8 47. Bb5 Rb2 48. Bc4 a5 49. Rg6 a4 50.
Rxh6 b5 51. Bd5 Rd2 52. Bc6 a3 53. Rh8+ Kg7 54. Ra8 a2 55. Bf3 0-1

[Event "6th EICC"]
[Site "Warsaw POL"]
[Date "2005.06.27"]
[Round "9"]
[White "Minasian,Art"]
[Black "Mamedov,Rau"]
[Result "1-0"]
[WhiteElo "2597"]
[BlackElo "2511"]
[EventDate "2005.06.18"]

1. e4 c5 2. c3 d6 3. d4 Nf6 4. Bd3 cxd4 5. cxd4 g6 6. Nc3 Bg7 7. Nge2 O-O
8. O-O Nc6 9. Kh1 Nh5 10. Be3 e5 11. d5 Nd4 12. Bxd4 exd4 13. Nb5 Qb6 14.
Qb3 Bg4 15. f3 Bd7 16. g4 Bxb5 17. Qxb5 Qxb5 18. Bxb5 a6 19. Bd3 Nf6 20.
Rad1 Nd7 21. Bb1 Rac8 22. b3 Rc5 23. Kg2 a5 24. h4 Rfc8 25. g5 a4 26. Nxd4
a3 27. Ne2 Bb2 28. h5 Nb8 29. Nf4 Bg7 30. Nd3 Rc3 31. f4 Nd7 32. hxg6 hxg6
33. Rc1 Nc5 34. Rxc3 Bxc3 35. Nf2 Bd4 36. Ng4 Nd7 37. Rd1 Bg7 38. Re1 Rc5
39. Re2 Rc1 40. Bd3 Nc5 41. Bc4 Rd1 42. b4 Nd7 43. e5 dxe5 44. fxe5 Nb6 45.
Bb5 Rd4 46. e6 Nc8 47. Nf6+ Kf8 48. Rc2 Ne7 49. Rc7 fxe6 50. dxe6 Rd2+ 51.
Kf3 Rd3+ 52. Ke4 Rb3 53. axb3 a2 54. Rd7 1-0

[Event "6th EICC"]
[Site "Warsaw POL"]
[Date "2005.06.27"]
[Round "9"]
[White "Markus,R"]
[Black "Bartel,Mat"]
[Result "1-0"]
[WhiteElo "2584"]
[BlackElo "2511"]
[EventDate "2005.06.18"]

1. d4 Nf6 2. c4 e6 3. Nf3 b6 4. g3 Ba6 5. b3 d5 6. Bg2 Bb4+ 7. Bd2 Bd6 8.
cxd5 exd5 9. O-O O-O 10. Nc3 Re8 11. Re1 Bb7 12. Qc2 Na6 13. Bg5 h6 14.
Bxf6 Qxf6 15. Red1 c5 16. e3 Rac8 17. Qb2 c4 18. Nd2 Bb4 19. bxc4 Nc5 20.
Qxb4 Nd3 21. Nde4 Nxb4 22. Nxf6+ gxf6 23. Nxd5 Bxd5 24. cxd5 Red8 25. e4
Kf8 26. Rd2 Rc3 27. Bh3 Ra3 28. Bf5 a5 29. Kg2 b5 30. Rc1 Rxa2 31. Rxa2
Nxa2 32. Rc5 b4 33. Rxa5 Nc3 34. Rc5 Kg7 35. Rc4 Na2 36. Rc7 Kf8 37. Rb7
Rd6 38. Kf3 Ra6 39. Kg4 1-0

[Event "6th EICC"]
[Site "Warsaw POL"]
[Date "2005.06.27"]
[Round "9"]
[White "Roiz,M"]
[Black "Kovacevic,B"]
[Result "1-0"]
[WhiteElo "2579"]
[BlackElo "2510"]
[EventDate "2005.06.18"]

1. Nf3 e6 2. g3 b6 3. Bg2 Bb7 4. O-O Nf6 5. c4 Be7 6. d4 O-O 7. Nc3 Ne4 8.
Bd2 f5 9. Rc1 Bf6 10. d5 Na6 11. Qc2 exd5 12. Nxd5 Nac5 13. b4 Ne6 14. Rfd1
a5 15. bxa5 bxa5 16. Be3 Bc6 17. Nd2 N4c5 18. Nb3 Be7 19. Nf6+ Rxf6 20.
Bxc6 Ra6 21. Bb5 Ra8 22. Rd5 Nxb3 23. axb3 Nf8 24. Rxf5 Rxf5 25. Qxf5 c6
26. Ba4 Bb4 27. Qe5 Qf6 28. Qxf6 gxf6 29. Rd1 Kg7 30. f4 Re8 31. Kf2 f5 32.
Kf3 Kf7 33. h3 h5 34. Bd4 Re7 35. e3 Ke8 36. Be5 Re6 37. g4 hxg4+ 38. hxg4
fxg4+ 39. Kxg4 Ng6 40. Bd4 Ne7 41. f5 Rh6 42. e4 Rh2 43. Be5 Re2 44. Kf3
Re1 45. Rxe1 Bxe1 46. b4 Bxb4 47. Bd4 Ng8 48. e5 Nh6 49. Ke4 Nf7 50. Be3
Nd8 51. Bd1 Nb7 52. f6 Nc5+ 53. Kf5 Ne6 54. Bh6 Nf8 55. Be3 Ne6 56. Kg6
Nf8+ 57. Kg7 Ne6+ 58. Kg8 Kd8 59. f7 Kc7 60. c5 1-0

[Event "6th EICC"]
[Site "Warsaw POL"]
[Date "2005.06.27"]
[Round "9"]
[White "Fedorchuk,S"]
[Black "Reinderman,D"]
[Result "1-0"]
[WhiteElo "2577"]
[BlackElo "2509"]
[EventDate "2005.06.18"]

1. e4 d5 2. exd5 Qxd5 3. Nc3 Qa5 4. d4 c6 5. Nf3 Bf5 6. Bd2 e6 7. Bc4 Nf6
8. Nd5 Qd8 9. Nxf6+ Qxf6 10. Qe2 Nd7 11. O-O-O Nb6 12. Bb3 Bg4 13. d5 Bxf3
14. gxf3 cxd5 15. Bxd5 O-O-O 16. Be4 Bd6 17. Kb1 Qe7 18. a4 a6 19. a5 Nd5
20. c4 Nf4 21. Qe3 f5 22. c5 Bxc5 23. Rc1 Kb8 24. Qxc5 Qxc5 25. Bxf4+ Qd6
26. Bxd6+ Rxd6 27. Bc2 Rd2 28. Rhf1 1-0

[Event "6th EICC"]
[Site "Warsaw POL"]
[Date "2005.06.27"]
[Round "9"]
[White "Neverov,V"]
[Black "Frolyanov,D"]
[Result "1/2-1/2"]
[WhiteElo "2566"]
[BlackElo "2505"]
[EventDate "2005.06.18"]

1. d4 d5 2. c4 e6 3. Nc3 c6 4. e3 Bd6 5. b3 Nf6 6. Nf3 O-O 7. Bd3 Nbd7 8.
Bb2 Re8 9. Rc1 e5 10. dxe5 Nxe5 11. cxd5 Nxf3+ 12. gxf3 cxd5 13. Nb5 Bb4+
14. Ke2 Nh5 15. Qc2 Bh3 16. Bxh7+ Kh8 17. Rcg1 Rc8 18. Qb1 Qh4 19. Rg3
Nxg3+ 20. hxg3 Qxh7 21. Qxh7+ Kxh7 22. Rxh3+ Kg6 23. Kd3 a6 24. Rh4 Bf8 25.
Nc3 Red8 26. Rd4 Bc5 27. Rg4+ Kh7 28. Ne2 f6 29. Nf4 Rc6 30. Rh4+ Kg8 31.
Rh5 Rcd6 32. g4 Kf7 33. g5 fxg5 34. Rxg5 g6 35. Re5 b6 36. Nh3 d4 37. e4
Kf6 38. f4 Rh8 39. Ng5 a5 40. a3 Rd7 41. b4 axb4 42. axb4 Bxb4 43. Re6+ Kg7
44. Rxb6 Bc3 45. Ba3 Ba5 46. Ra6 Bd8 47. Bd6 Re8 48. Nf3 Re6 49. Be5+ Kf7
50. Ra8 Re8 51. Ra6 Re6 52. Ra1 Rb6 53. Nxd4 Rb2 54. Kc4 Bb6 55. Nf3 Rc2+
56. Kb3 Rxf2 57. Ng5+ Ke8 58. Ra6 Rb7 59. Ra8+ Kd7 60. Kc4 Bd8 61. Nf7 Be7
62. Ra6 Rb4+ 63. Kd3 Rf3+ 64. Ke2 Rfb3 65. Rxg6 Rxe4+ 66. Kf2 Ra4 67. Rg2
Ke6 68. Nh6 Bh4+ 69. Kg1 Kd5 70. Nf5 1/2-1/2

[Event "6th EICC"]
[Site "Warsaw POL"]
[Date "2005.06.27"]
[Round "9"]
[White "Markowski,T"]
[Black "Firman,N"]
[Result "1-0"]
[WhiteElo "2560"]
[BlackElo "2471"]
[EventDate "2005.06.18"]

1. g3 c5 2. Bg2 Nc6 3. c4 g6 4. Nc3 Bg7 5. Nf3 e5 6. O-O d6 7. d3 Nge7 8.
Bd2 O-O 9. Ne1 Be6 10. Nd5 Rb8 11. a4 a5 12. Nc2 h6 13. Rb1 f5 14. e4 Nb4
15. exf5 Bxd5 16. cxd5 gxf5 17. Bxb4 cxb4 18. Ne3 b5 19. axb5 Rxb5 20. Qa4
Rc5 21. Rbc1 f4 22. Rxc5 dxc5 23. Nc4 f3 24. Bh3 Qxd5 25. Qxa5 Nc6 26. Qa6
Nd4 27. Kh1 Kh7 28. Nd2 Rf6 29. Qc8 Rf8 30. Qa6 Rf6 31. Qa4 Rf8 32. Ra1 e4
33. dxe4 Qg5 34. Rd1 Qh5 35. Qd7 Rf7 36. Qg4 Qxg4 37. Bxg4 Kg6 38. Ra1 h5
39. Bh3 Re7 40. Ra6+ Kh7 41. Bf1 Rd7 42. h4 Bh6 43. Nc4 Ne2 44. Bh3 Rd1+
45. Kh2 Nd4 46. Ra7+ Kg8 47. e5 Re1 48. e6 Bf8 49. Ne3 Re2 50. Nd5 Bg7 51.
Ra8+ Kh7 52. e7 Rxf2+ 53. Kh1 1-0

[Event "6th EICC"]
[Site "Warsaw POL"]
[Date "2005.06.27"]
[Round "9"]
[White "Guliev,S"]
[Black "Nataf,IA"]
[Result "1/2-1/2"]
[WhiteElo "2481"]
[BlackElo "2559"]
[EventDate "2005.06.18"]

1. d4 Nf6 2. c4 g6 3. Nc3 Bg7 4. Nf3 O-O 5. g3 c5 6. Bg2 cxd4 7. Qxd4 d5 8.
O-O Nc6 9. Qh4 dxc4 10. Bh6 Bxh6 11. Qxh6 Nd4 12. Ne5 Qd6 13. Nxc4 Qb4 14.
Ne3 Be6 15. Rad1 Qxb2 16. Rxd4 Qxc3 17. Rfd1 Bxa2 18. Bf3 Bb3 19. R1d3 Qa1+
20. Kg2 Rac8 21. Bxb7 Rb8 22. Bf3 Be6 23. Rd1 Rb1 24. Rd8 Ne8 25. Qh4 Rxd1
26. Rxd1 Qa3 27. Qd4 a5 28. Ra1 Qb4 29. Qa7 Nd6 30. Rxa5 Nf5 31. Nxf5 Bxf5
32. Re5 Be6 33. Rc5 Re8 34. Bc6 Qb8 35. Qa5 Rd8 36. Bf3 Rd1 37. Rb5 Qc8 38.
h4 h5 39. Qb4 Qc1 40. Kh2 Kh7 41. Be4 Kg7 42. Qxe7 Qc4 43. Qb4 Qxe2 44.
Qb2+ Qxb2 45. Rxb2 Bd5 46. Bxd5 1/2-1/2

[Event "6th EICC"]
[Site "Warsaw POL"]
[Date "2005.06.27"]
[Round "9"]
[White "Nijboer,F"]
[Black "Kovchan,A"]
[Result "1-0"]
[WhiteElo "2553"]
[BlackElo "2488"]
[EventDate "2005.06.18"]

1. e4 c5 2. Nf3 d6 3. d4 cxd4 4. Nxd4 Nf6 5. Nc3 a6 6. Be2 e5 7. Nb3 Be7 8.
O-O O-O 9. Kh1 Be6 10. f4 exf4 11. Bxf4 Nc6 12. Qe1 Ne8 13. Qg3 Bf6 14.
Rad1 Be5 15. Qe3 Bxf4 16. Rxf4 Qg5 17. Nd4 Nxd4 18. Rxd4 Rc8 19. Qd2 Qe5
20. Rf1 f6 21. Rb4 Rf7 22. Rd1 Rc6 23. a3 Re7 24. Kg1 g6 25. Qd4 Qxd4+ 26.
Rdxd4 Rec7 27. Kf2 Kf8 28. Rd2 Rc5 29. h3 Re5 30. Rbd4 Rec5 31. Bd3 Re5 32.
Bf1 Rec5 33. Be2 Bf7 34. Bd1 Rc4 35. Rxc4 Rxc4 36. Be2 Rc5 37. Nd1 Re5 38.
Bf3 Ke7 39. b4 Kf8 40. Ne3 Re7 41. Ke2 b6 42. Rd4 Ra7 43. Kd2 a5 44. Be2
axb4 45. axb4 Ra1 46. Bb5 Nc7 47. Bc4 Bxc4 48. Rxc4 Ne6 49. Rc6 Ng5 50. Kd3
Ra3+ 51. c3 Nf7 52. Rxb6 Ra2 53. Rb8+ Kg7 54. Rb7 Kf8 55. Nc4 Rxg2 56. b5
Ng5 57. Nxd6 Rg1 58. Ke2 Rg2+ 59. Kd3 Rg1 60. Rd7 Nf3 61. Rf7+ Kg8 62. Rxf6
Ne5+ 63. Kd4 Nd7 64. Rf3 g5 65. e5 h5 66. e6 Rd1+ 67. Rd3 Rxd3+ 68. Kxd3
Nc5+ 69. Kd4 Nxe6+ 70. Ke5 Nc5 71. Ne4 g4 72. h4 Kf7 73. Nxc5 1-0

[Event "6th EICC"]
[Site "Warsaw POL"]
[Date "2005.06.27"]
[Round "9"]
[White "Perunovic,Mil"]
[Black "Maze,S"]
[Result "1/2-1/2"]
[WhiteElo "2549"]
[BlackElo "2470"]
[EventDate "2005.06.18"]

1. e4 c5 2. Nf3 a6 3. Nc3 b5 4. d4 cxd4 5. Nxd4 e6 6. Bd3 d6 7. O-O Nf6 8.
a3 Be7 9. Kh1 Bb7 10. f4 Nbd7 11. Qe2 Qc7 12. Bd2 h5 13. Rae1 h4 14. Nf3
1/2-1/2

[Event "6th EICC"]
[Site "Warsaw POL"]
[Date "2005.06.27"]
[Round "9"]
[White "Siebrecht,S"]
[Black "Gagunashvili,M"]
[Result "0-1"]
[WhiteElo "2438"]
[BlackElo "2547"]
[EventDate "2005.06.18"]

1. d4 Nf6 2. Nf3 g6 3. c4 c5 4. Nc3 cxd4 5. Nxd4 Bg7 6. e4 d6 7. Be2 O-O 8.
O-O a6 9. Be3 b6 10. Rc1 Bb7 11. f3 Nbd7 12. Qd2 Rc8 13. Rfd1 Re8 14. Bf1
Ne5 15. b3 Nfd7 16. Kh1 e6 17. Nde2 Bf8 18. h3 Nf6 19. Bg5 Ned7 20. Qf4 Be7
21. Qh4 Rc5 22. f4 Bxe4 23. b4 Rc7 24. Ng3 Bb7 25. a3 Qc8 26. Re1 b5 27.
Nge4 Bxe4 28. Nxe4 Nxe4 29. Bxe7 Rxe7 30. Rxe4 Nb6 31. f5 d5 32. f6 dxe4
33. fxe7 bxc4 34. Rd1 Nd5 35. Qxe4 Nxe7 36. Qe5 Nd5 37. Rc1 c3 38. Bd3 Rc6
39. Be4 Qc7 40. Qg5 Qd6 41. Kg1 Rc4 42. Bf3 Nf4 43. Rd1 Rd4 44. Rc1 Nd5 45.
Kf1 f6 46. Qh6 Qg3 47. Rc2 Rf4 48. Ke2 g5 49. Bxd5 Rf2+ 0-1

[Event "6th EICC"]
[Site "Warsaw POL"]
[Date "2005.06.27"]
[Round "9"]
[White "Wells,P"]
[Black "Lagowski,P"]
[Result "1-0"]
[WhiteElo "2525"]
[BlackElo "2393"]
[EventDate "2005.06.18"]

1. d4 d5 2. c4 c6 3. Nc3 dxc4 4. e3 Be6 5. Nge2 Nf6 6. Nf4 Bf5 7. Bxc4 e6
8. f3 Nbd7 9. e4 Bg6 10. h4 b5 11. Bb3 b4 12. Nce2 Qa5 13. e5 Nxe5 14. dxe5
Qxe5 15. Nxg6 hxg6 16. Qc2 Qc5 17. Qxc5 Bxc5 18. Bd2 Nd7 19. Rc1 Ke7 20.
Rxc5 Nxc5 21. Bxb4 Rh5 22. g4 a5 23. Ba3 Re5 24. f4 Re4 25. Bxc5+ Ke8 26.
Bd4 Rd8 27. Bxg7 a4 28. Bc2 Rc4 29. Bc3 e5 30. h5 1-0

[Event "6th EICC"]
[Site "Warsaw POL"]
[Date "2005.06.27"]
[Round "9"]
[White "Graf,A"]
[Black "Kristjansson,St"]
[Result "1-0"]
[WhiteElo "2632"]
[BlackElo "2461"]
[EventDate "2005.06.18"]

1. d4 Nf6 2. c4 g6 3. Nc3 d5 4. cxd5 Nxd5 5. e4 Nxc3 6. bxc3 c5 7. Bb5+ Bd7
8. Bxd7+ Qxd7 9. Nf3 Bg7 10. O-O O-O 11. Be3 e6 12. Qd2 Nc6 13. Rad1 Rfd8
14. Rfe1 Rac8 15. Bh6 Bh8 16. Bg5 Re8 17. Qf4 cxd4 18. cxd4 Nxd4 19. Nxd4
e5 20. Nf5 Qxf5 21. Qxf5 gxf5 22. exf5 e4 23. Rd7 Rc2 24. g4 Rxa2 25. Rxe4
Rf8 26. Rxb7 h5 27. Be3 Ra5 28. Bxa7 Ra8 29. Be3 Ra4 30. Rxa4 Rxa4 31. g5
Be5 32. h3 Bf4 33. Re7 Kf8 34. f6 h4 35. Rb7 Kg8 36. g6 1-0

[Event "6th EICC"]
[Site "Warsaw POL"]
[Date "2005.06.27"]
[Round "9"]
[White "Moranda,W"]
[Black "Petrosian,TL"]
[Result "1-0"]
[WhiteElo "2452"]
[BlackElo "2599"]
[EventDate "2005.06.18"]

1. e4 c5 2. Nf3 d6 3. d4 cxd4 4. Nxd4 Nf6 5. Nc3 g6 6. Be3 Bg7 7. f3 Nc6 8.
Qd2 O-O 9. O-O-O d5 10. exd5 Nxd5 11. Nxc6 bxc6 12. Nxd5 cxd5 13. Qxd5 Qc7
14. Qc5 Qb7 15. b3 Bf5 16. Bd3 Rfc8 17. Qa5 Qc6 18. Bxf5 gxf5 19. c4 e5 20.
Rd5 Qg6 21. Rhd1 h6 22. Rd6 Qh5 23. h3 Qh4 24. Qd5 Re8 25. Rd7 Qf6 26. Rd6
Qh4 27. Qd2 f4 28. Bf2 Qh5 29. Qd5 a5 30. a4 Rab8 31. c5 Qg5 32. Rd7 Qg6
33. c6 Rbc8 34. c7 e4 35. fxe4 Be5 36. Qc4 Bf6 37. R1d6 Rxe4 38. Qc2 Kg7
39. Bh4 Re6 40. Rxe6 1-0

[Event "6th EICC"]
[Site "Warsaw POL"]
[Date "2005.06.27"]
[Round "9"]
[White "Anastasian,A"]
[Black "Khmelniker,I"]
[Result "1-0"]
[WhiteElo "2574"]
[BlackElo "2458"]
[EventDate "2005.06.18"]

1. c4 Nf6 2. Nf3 g6 3. b4 Bg7 4. Bb2 d6 5. e3 e5 6. d4 exd4 7. Nxd4 Nc6 8.
Nxc6 bxc6 9. Nd2 Rb8 10. Bc3 O-O 11. Be2 Ne8 12. Bxg7 Nxg7 13. Rb1 d5 14.
cxd5 cxd5 15. O-O d4 16. exd4 Bf5 17. Rb2 Qxd4 18. Nc4 Ne6 19. Qc1 Nf4 20.
Rd1 Nxe2+ 21. Rxe2 Qf6 22. Ne3 Be6 23. Qxc7 Rxb4 24. Qxa7 Rd8 25. Rde1 Qd4
26. Qe7 Ra4 27. h3 Rda8 28. Rd1 Qh4 29. Qc7 Rxa2 30. Rxa2 Rxa2 31. Rd8+ Kg7
32. Qe5+ Kh6 33. Rd4 Qxf2+ 34. Kh2 g5 35. h4 gxh4 36. Rg4 Bxg4 37. Nxg4+
Kg6 38. Qd6+ Kg5 39. Nxf2 Rxf2 40. Kh3 Re2 41. Qd8+ f6 42. Qg8+ Kh6 43.
Kxh4 Re1 44. g4 Rh1+ 45. Kg3 Rg1+ 46. Kf2 Rb1 47. Qe6 Rb2+ 48. Kg3 Kg7 49.
g5 1-0